[Event "17th Reykjavik op"]
[Site "Reykjavik ISL"]
[Date "1996.03.04"]
[Round "3.25"]
[White "Van Parreren, Hanneke"]
[Black "Thorfinnsson, Bjoern"]
[Result "1-0"]
[WhiteElo "2180"]
[BlackElo "2060"]
[EventDate "1996.03.02"]
[PlyCount "119"]

1.d4 Nf6 2.c4 e6 3.g3 c6 4.Nf3 d5 5.b3 b6 6.Bg2 Ba6 7.Qc2 Bb4+ 8.Nbd2 Ne4 
9.O-O Bxd2 10.Bxd2 Nxd2 11.Qxd2 O-O 12.Rac1 Qd6 13.cxd5 cxd5 14.Ne5 f6 15.
Nd3 Nc6 16.e3 Rac8 17.Rfd1 Rc7 18.Bf1 Rfc8 19.Qb2 h6 20.Kg2 g5 21.h3 Bb7 
22.Kg1 Rg7 23.b4 Rgc7 24.b5 Na5 25.Rxc7 Rxc7 26.Rc1 Kf8 27.Rxc7 Qxc7 28.
Qc1 Qxc1 29.Nxc1 Nc4 30.Bxc4 dxc4 31.Ne2 Be4 32.Nc3 Bd3 33.h4 Kf7 34.Kg2 
Kg6 35.f3 f5 36.a3 Kf6 37.Kf2 gxh4 38.gxh4 e5 39.f4 e4 40.Kg3 Ke6 41.Kf2 
Bc2 42.Ke2 Kd6 43.Kd2 Bd3 44.Nd1 Kd5 45.Nc3+ Kd6 46.Na2 Bf1 47.Kc3 Be2 48.
Kb4 c3 49.Nxc3 a5+ 50.bxa6 Bxa6 51.Nd1 Be2 52.Nf2 Bf3 53.Kb5 Kc7 54.Kc4 
Kd6 55.d5 Bh5 56.Nh1 Bf7 57.Ng3 Bxd5+ 58.Kb5 Be6 59.Kxb6 Kd5 60.Kb5 1-0

[Event "17th Reykjavik op"]
[Site "Reykjavik ISL"]
[Date "1996.03.04"]
[Round "3.27"]
[White "Schmied, Andreas"]
[Black "Gulko, Anna"]
[Result "1/2-1/2"]
[WhiteElo "2155"]
[BlackElo "2385"]
[EventDate "1996.03.02"]
[PlyCount "61"]

1.d4 d6 2.e4 Nf6 3.Nc3 g6 4.Nf3 Bg7 5.Be2 c5 6.dxc5 Qa5 7.O-O Qxc5 8.Nd2 
Be6 9.Nb3 Qc8 10.Be3 Nc6 11.f3 O-O 12.Qd2 Re8 13.Nd5 Ne5 14.Nxf6+ Bxf6 15.
Nd4 Nc4 16.Bxc4 Bxc4 17.Rfd1 Ba6 18.a4 Qd7 19.b3 d5 20.exd5 Qxd5 21.c4 Qh5
22.Rac1 b6 23.Nb5 Bxb5 24.axb5 e5 25.Qd5 Be7 26.Qb7 Qf5 27.Rd7 Reb8 28.Qc7
Rc8 29.Qb7 Rcb8 30.Qc7 Rc8 31.Qb7 1/2-1/2

[Event "17th Reykjavik op"]
[Site "Reykjavik ISL"]
[Date "1996.03.04"]
[Round "3.28"]
[White "Ragnarsson, Johann"]
[Black "Sigfusson, Sigurdur"]
[Result "1/2-1/2"]
[WhiteElo "2130"]
[BlackElo "2245"]
[EventDate "1996.03.02"]
[PlyCount "116"]

1.d4 Nf6 2.c4 g6 3.Nc3 Bg7 4.Nf3 O-O 5.Bf4 d6 6.h3 Nbd7 7.e3 c6 8.Be2 Qe8 
9.O-O e5 10.Bh2 Qe7 11.b4 Ne8 12.Qb3 Kh8 13.b5 f5 14.Qa3 Qf6 15.bxc6 bxc6 
16.Rab1 Qd8 17.dxe5 Nxe5 18.Nxe5 dxe5 19.Bxe5 Nf6 20.Rfd1 Qe8 21.Bd6 Rf7 
22.Rb8 Rxb8 23.Bxb8 a6 24.Qa5 Nd7 25.Bg3 Qe6 26.Na4 f4 27.Bg4 Qxc4 28.Bxf4
Qb5 29.Qxb5 axb5 30.Bxd7 Rxd7 31.Rxd7 Bxd7 32.Nc5 Be8 33.Bd6 Bf7 34.a3 Kg8
35.e4 Bd4 36.Nd3 Bb3 37.Ne1 Bd1 38.Nf3 Bxf3 39.gxf3 c5 40.f4 c4 41.Kf1 c3 
42.Ke2 Bxf2 43.Bb4 Bg3 44.f5 gxf5 45.exf5 c2 46.Kd2 Kf7 47.Kxc2 Kf6 48.Kd3
Kxf5 49.Kd4 Bf2+ 50.Kd5 Kf4 51.Be7 h5 52.Kc6 h4 53.Kxb5 Kg3 54.a4 Kxh3 55.
a5 Kg2 56.Bxh4 Bxh4 57.a6 Bf2 58.a7 Bxa7 1/2-1/2

[Event "17th Reykjavik op"]
[Site "Reykjavik ISL"]
[Date "1996.03.04"]
[Round "3.29"]
[White "Burden, James"]
[Black "Gunnarsson, Arnar"]
[Result "1-0"]
[WhiteElo "2185"]
[BlackElo "2130"]
[EventDate "1996.03.02"]
[PlyCount "77"]

1.e4 e5 2.Nf3 Nc6 3.Bb5 Nge7 4.c3 g6 5.d4 exd4 6.cxd4 d5 7.exd5 Nxd5 8.O-O
Be7 9.Bh6 Be6 10.Nbd2 Nb6 11.Bxc6+ bxc6 12.Re1 Qd5 13.Qe2 O-O-O 14.Qa6+ 
Kb8 15.Re5 Qd6 16.Ra5 Bd5 17.Nb3 Qb4 18.Ne5 f6 19.Bd2 fxe5 20.Bxb4 Bxb4 
21.Nc5 Bxc5 22.dxc5 Nc4 23.Ra4 Rhe8 24.Rb4+ Nb6 25.cxb6 cxb6 26.a4 c5 27.
Rxb6+ axb6 28.Qxb6+ Bb7 29.a5 Ka8 30.a6 Be4 31.f3 Rb8 32.Qxc5 Bf5 33.b4 
Rec8 34.Qd5+ Ka7 35.g4 Bc2 36.Qxe5 h5 37.b5 hxg4 38.Qd4+ Ka8 39.b6 1-0

[Event "17th Reykjavik op"]
[Site "Reykjavik ISL"]
[Date "1996.03.04"]
[Round "3.30"]
[White "Gustafson, Dale"]
[Black "Briem, Stefan"]
[Result "1/2-1/2"]
[WhiteElo "2090"]
[BlackElo "2180"]
[EventDate "1996.03.02"]
[PlyCount "98"]

1.e4 e5 2.f4 d5 3.exd5 c6 4.Nc3 exf4 5.Nf3 Nf6 6.d4 Bd6 7.Qe2+ Qe7 8.Qxe7+
Kxe7 9.Bc4 $5 {Eine logische Fortsetzung, mit der versucht Wei@cht den 
Punkt d5 befestigen. Gleichzeitig wird die kurze Rochade vorbereitet.} 
9...b5 $5 {Ein energischer Plan.} ( 9...Re8 10.O-O Kf8 11.Ne5 g5 ( 11...
Bxe5 12.dxe5 Rxe5 13.Bxf4 $16 ) ( 11...Nh5 $5 ) ( 11...cxd5 12.Bb5 Rd8 13.
Bxf4 a6 14.Bd3 Be6 15.Rae1 Kg8 16.Nd1 Ne4 17.Bxe4 dxe4 18.Rxe4 Bf5 19.Re2 
f6 20.Nc4 Bg4 21.Rd2 Bf8 22.Nde3 Be6 23.d5 Bf7 24.Nb6 Ra7 25.d6 Nd7 26.
Ned5 Bxd5 27.Nxd5 Raa8 28.Re1 Kf7 29.c4 Rac8 30.Nc7 Ne5 31.Bxe5 fxe5 32.c5
Rd7 33.Rxe5 g6 34.b4 Bg7 35.Re4 a5 36.a3 axb4 37.axb4 Bc3 38.Rde2 Bf6 39.
Nd5 Bd8 40.Rf2+ Kg7 41.Re8 Ra8 42.Rf1 Ra2 43.Nf4 Bf6 44.Re4 Rf7 45.Ne6+ 
Kg8 46.Ref4 {1-0 Brauer,C-Vepkhvishvili,V/Pardubice op (08) 1992} ) 12.
dxc6 Bxe5 ( 12...Nxc6 13.Nxf7 $16 ) 13.dxe5 Rxe5 14.Bxf4 $1 gxf4 15.Rxf4 
$16 Nxc6 16.Rxf6 Be6 17.Bxe6 Rxe6 18.Rxe6 fxe6 19.Ne4 h6 20.Rd1 Rd8 21.
Rxd8+ Nxd8 22.Kf2 Ke7 23.Ke3 e5 24.c4 b6 25.g4 Ke6 26.h4 Nf7 27.h5 {1-0 
Bangiev,A-Botev,N/corr(World Cup) 8689 1988} ) ( 9...Bf5 10.Bb3 cxd5 11.
Nxd5+ Nxd5 12.Bxd5 Nc6 13.c3 f6 14.O-O g5 15.Bd2 Kd7 16.Rfe1 Ne7 17.Be4 
Bxe4 18.Rxe4 Ng6 19.Kf1 h5 20.c4 h4 21.h3 Ne7 22.Ree1 Rag8 23.Ke2 g4 24.
hxg4 Rxg4 25.Rg1 Rhg8 26.Kd3 Rxg2 27.Rxg2 Rxg2 28.Nxh4 Rh2 29.Nf3 Rh3 30.
Ke2 Nf5 31.Rg1 Ng3+ 32.Ke1 Ke6 33.Kd1 b6 34.b4 {Filtser,F-Neishtadt,V 
/Moscow-sf 1956/0-1 (50)} ) 10.Bb3 b4 {Unter Tempogewinn soll der Springer
c3 vertrieben werden.} 11.Ne2 Nxd5 12.Bxd5 cxd5 13.Bxf4 {Die kritische 
Stelung.} 13...Ba6 {Ein neuer Zug, der soll den Tausch auf d6 zwingen.} ( 
13...Bxf4 $2 14.Nxf4 Be6 15.a3 $1 $14 {Cheremisin} ) ( 13...Bf5 14.Bxd6+ 
Kxd6 15.Ne5 Bg6 $5 ( 15...Rf8 {Buecker-Rajna,Budapest 1984} ) 16.O-O ( 16.
Rf1 f6 17.Nxg6 hxg6 18.h3 Nc6 $15 ) ( 16.a3 Na6 17.axb4 Nxb4 18.Nxg6 hxg6 
19.Kd2 a5 20.c3 Nc6 $10 {Hardy} ) 16...f6 17.Nxg6 hxg6 18.a3 bxa3 19.Rxa3 
a5 20.b4 ( 20.Rfa1 Nc6 21.c3 Rhb8 ) 20...Nc6 21.b5 Nb4 22.c3 Nc2 23.Ra4 
Ne3 24.Rfa1 Nc4 $10 {Hardy} ) 14.Bxd6+ Kxd6 15.Ng3 $6 {Ein harmloser Zug.}
( 15.Nf4 $5 {Das beste Feld fuer den Springer. Vom hier aus kann er den 
Druck auf den Punkt ausueben.} 15...Re8+ ( 15...Nc6 16.Kf2 $5 ( 16.O-O-O 
$6 ) 16...Rac8 17.Rhe1 Na5 18.Ng5 $5 Rxc2+ 19.Kg3 Rf8 ( 19...Rc7 20.Nxf7+ 
Rxf7 21.Re6+ $16 ) 20.Nxf7+ Rxf7 21.Re6+ Kd7 22.Rxa6 Nc6 23.Nxd5 $14 ) ( 
15...g6 16.Kf2 Rc8 17.Rhc1 f6 18.a3 $14 ) 16.Kf2 $1 Nd7 ( 16...Nc6 17.Rhe1
Rac8 18.Rxe8 Rxe8 19.a3 $5 b3 20.cxb3 Re4 21.g3 Nxd4 22.Ng5 Re7 23.Rd1 $14
) 17.Rhe1 Nf6 18.Ne5 Ne4+ 19.Kg1 f6 20.Ng4 $5 Rac8 21.Ne3 $5 $14 ) 15...
Re8+ 16.Kd2 ( 16.Kf2 $5 g6 17.a3 $5 ) 16...g6 17.Rhe1 ( 17.a3 $5 $14 ) 
17...Nc6 18.Rxe8 Rxe8 19.Re1 ( 19.a3 b3 $5 20.cxb3 Na5 $13 ) 19...Rxe1 20.
Kxe1 f6 21.Kd2 ( 21.Nf1 Bc8 22.Ne3 g5 23.g4 Ne7 24.h4 h6 25.hxg5 hxg5 26.
Kd2 Be6 27.c3 bxc3+ 28.Kxc3 Kc6 29.b4 Nc8 30.Nd2 Nd6 31.a4 a6 32.Kd3 Bg8 
33.Nb3 Bh7+ 34.Ke2 Ne4 35.Na5+ Kd6 36.Nb7+ Ke6 37.Ke1 Bg6 38.b5 axb5 39.
axb5 Nc3 40.b6 Kd7 41.Na5 Be4 42.Kd2 Nb5 43.b7 Kc7 44.Nc6 Kxb7 45.Ne7 Nxd4
46.N7xd5 f5 {E-E Polgar,J-Briem,S/Reykjavik op 1988} ) 21...Nd8 22.c3 ( 
22.Ng1 Ne6 23.Ke3 f5 24.Nh3 h6 25.c3 bxc3 26.bxc3 Bc4 27.a3 Ba2 $15 ) ( 
22.Ke3 Ne6 23.Nh1 f5 24.g3 g5 25.Nf2 f4+ $15 ) 22...bxc3+ 23.Kxc3 Ne6 $15 
24.a4 Nf4 25.Ne1 Bc8 ( 25...h5 $5 26.h4 Bc8 27.b4 g5 28.Nd3 Nxd3 29.Kxd3 
Bg4 30.hxg5 fxg5 $15 ) 26.b4 g5 27.b5 h5 28.Kd2 h4 29.Nf1 ( 29.Ne2 $142 
Nxe2 30.Kxe2 Bg4+ 31.Kd2 $15 ) 29...Ne6 30.Ke3 Kc7 31.g3 hxg3 32.hxg3 Kb6 
33.Nd3 Ka5 34.Nb2 Kb4 ( 34...f5 $142 $17 ) 35.Kd2 ( 35.Kd3 $142 f5 36.Ne3 
$15 ) 35...Kb3 ( 35...Nxd4 36.Ne3 Be6 $17 ) 36.Nd1 Nxd4 ( 36...Kxa4 37.
Nc3+ Kb3 38.Nxd5 Nxd4 39.Nxf6 Nxb5 40.Ne4 g4 $17 ) 37.Nfe3 Be6 38.Kd3 Nf3 
39.a5 $5 d4 40.b6 axb6 41.axb6 dxe3 42.b7 Ne5+ $8 43.Kxe3 ( 43.Ke4 $2 Nd7 
( 43...e2 $2 44.b8=Q+ ) 44.Nxe3 Nc5+ $17 ) ( 43.Kd4 Nc6+ 44.Kc5 e2 45.Kxc6
exd1=Q 46.b8=Q+ Kc3 $17 ) 43...Nd7 $6 ( 43...Nc6 $142 44.Nf2 f5 45.Nd3 Bd5
46.Nc5+ ( 46.Ne5 Nb8 $17 ) 46...Kb4 47.Nd7 Be6 48.Ne5 ( 48.b8=Q+ Nxb8 49.
Nxb8 Kb5 50.Kd4 Kb6 51.Ke5 Bc8 52.Kd6 f4 $19 ) 48...Nb8 49.Kd4 Kb5 50.Nf3 
g4 51.Nh4 Nc6+ 52.Ke3 Kb6 53.Kf4 Kxb7 54.Nxf5 Kc7 55.Ne3 $10 ) 44.Kd4 Kb4 
45.Nc3 Ka5 ( 45...f5 46.Nd5+ Bxd5 47.Kxd5 Kb5 48.Ke6 $10 ) 46.Ne4 Kb6 47.
Nc5 $1 $10 ( 47.Nxf6 Kxb7 48.Nh7 g4 $17 ) 47...Kc7 48.Nxe6+ Kxb7 49.Ke4 
Kc6 1/2-1/2

[Event "17th Reykjavik op"]
[Site "Reykjavik ISL"]
[Date "1996.03.05"]
[Round "4.1"]
[White "Nikolic, Predrag"]
[Black "Agdestein, Simen"]
[Result "0-1"]
[WhiteElo "2645"]
[BlackElo "2585"]
[EventDate "1996.03.02"]
[PlyCount "126"]

1.d4 g6 2.g3 d5 3.Bg2 Bg7 4.Nf3 Nh6 $5 5.c3 Nf5 6.Nbd2 Nd6 7.h4 {Nikolic 
has been provoked.} 7...c6 8.h5 Bf5 9.Nb3 Nd7 10.Nh4 Be6 {Black has a neat
and centralized position while white is thrashing around on the flanks. 
Now comes a very curious but interesting idea.} 11.f3 $5 Bf6 {Black asks 
the knight on h4 what exactly it thinks it is doing.} 12.g4 $1 ( 12.e4 g5 
13.e5 gxh4 14.exf6 hxg3 {is a disaster for white. Nikolic finds a way to 
shed a pawn for considerably more.} ) 12...g5 13.Nf5 Bxf5 ( 13...Nxf5 14.
gxf5 Bxf5 15.e4 {and with e5, Bxg5 to follow, white's on top.} ) 14.gxf5 
Nxf5 15.e4 Nh4 16.Bh3 e6 17.Qe2 {A very interesting position. White does 
not have any very positive compensation for the pawn, but black has 
certain negatives - his kingside is compromised and his knight on h4 is 
eccentrically posted.} 17...a5 $1 {Looks good. White's king will be 
heading here, so black starts disruption proceedings.} 18.Be3 Qc7 19.O-O-O
a4 20.Na1 Nb6 21.Kb1 {Prophylactic measures against the invasion on c4. 
Black enjoys an initiative as well as a pawn but still has problems to 
solve.} 21...Nc4 22.Bc1 Be7 23.Nc2 h6 24.e5 {White prepares operations on 
the f-file.} 24...c5 ( 24...Nf5 25.Bxf5 exf5 26.e6 Qc8 {was possible, but 
Agdestein prefers not to loosen his king's position.} ) 25.f4 Qb6 26.Ka1 
gxf4 $2 {Both sides were in time trouble already. Agdestein was extremely 
unhappy with this move afterwards, and claimed a big advantage after} ( 
26...Ra5 $1 {This is hard for me to judge - the position seems highly 
obscure after} 27.dxc5 Rxc5 28.Nd4 {but it seems clearly better than the 
game continuation when white's position improves radically.} ( 28.Nb4 $5 )
) 27.dxc5 $1 Qxc5 ( 27...Bxc5 {works out nicely after} 28.Nd4 $2 ( 28.Bxe6
$1 {loosens black's grip on the position.} ) 28...f3 $1 29.Nxf3 Nxf3 30.
Qxf3 Be3 {but} ) 28.Bxf4 a3 29.b4 Qc7 30.Nd4 Bg5 {Somewhere around here 
Agdestein offered a draw. His knight on h4 is in danger and his king is 
none too happy either. Nikolic understandably declined, but the black 
position contains a lot of resources, especially with flags hanging.} 31.
Bg3 Nb2 32.Nb5 Qc6 33.Rdf1 Nc4 34.Nd4 Qa6 {Black's circular manoeuvres 
have forced white to leave the d-file, which means that d5 will be a bit 
safer after an exchange of knights on f5. But that's the good news. An 
exchange on f5 will mean the shattering of black's position and the 
restoration of material equality.} 35.Bg4 Nf5 36.Nxf5 exf5 37.Bxf5 O-O $5 
( 37...Ne3 38.Bd3 {does not help black.} ) 38.Bf4 {Nikolic takes aim at 
the lynchpin of black's position.} 38...Rae8 ( 38...Bxf4 39.Rxf4 Rae8 40.
e6 {is also grim for black.} ) 39.Bd3 $2 {Unnecessarily subtle, but the 
flags were hanging. The blunt} ( 39.Qg2 $1 {should win for white:} 39...f6
( 39...Nxe5 40.Bxg5 hxg5 41.Qxg5+ Kh8 42.Bg6 $1 ) ( 39...Kh8 40.Bxg5 hxg5 
41.Qxg5 Rxe5 42.Rhg1 ) 40.exf6 Qxf6 41.Qxd5+ Kh8 ( 41...Rf7 42.Qxc4 Qxf5 
43.Bxg5 ) ( 41...Qf7 42.Qxf7+ Rxf7 43.Bg6 ) 42.Qxc4 Qxf5 43.Bd6 ) 39...Qe6
40.Bxg5 $2 {The cost of making time control is high. This move repairs 
black's position now, and leaves e5 weak.} ( 40.Qg2 Qe7 41.Bxc4 dxc4 42.
Rhg1 f6 43.exf6 Qxf6 44.Bd2 {was suggested by Gausel afterwards as 
maintaining white's advantage.} ) 40...hxg5 41.Bxc4 dxc4 42.Re1 {A 
difficult decision - Black's kingside pawns are about to become very 
powerful. Perhaps white should aim for a more open position.} ( 42.Rhg1 
Qxe5 43.Qxc4 Rc8 44.Qd3 {looks slightly insane, but keeps more lines open 
towards black's king, and hinders the kingside pawns from advancing in 
tandem.} 44...Rfd8 ( 44...Rxc3 45.Rxg5+ ) 45.Qc2 {looks risky for white, 
but he too has chances against the king.} ( 45.Qg3 $5 ) ) 42...f5 43.h6 g4
{Black's pawns provide surprisingly efficient cover for his king, even 
when marched far up the board.} 44.Qd2 f4 45.Re4 Qf5 46.Qd5+ ( 46.Qd4 Re6 
47.Qxc4 Kh8 {is not a more useful pawn for white. With last rank problems,
the weaknesses on b2/c3 and black's marching pawns, it is difficult to see
how he organizes counterplay here.} ) 46...Kh8 47.Qxb7 Rf7 48.Qb5 Re6 {
Making it clear that material is not a topic of discussion here. Black 
intends to shelter behind white's pawns and push his own.} 49.h7 {Logical 
since this pawn is in the way and black has weakened his last rank. Pawn 
grabbing with} ( 49.Rxc4 Kh7 $5 {seems to offer less chances of 
counterplay.} ) 49...g3 50.Qxc4 g2 51.Rd1 Rg6 52.Ree1 Kxh7 {Now that the 
h-file is monitored this capture is relatively safe.} 53.Qe2 ( 53.Qd4 {
tries to watch g1 and b2 while keeping relatively active, but black can 
always force the queen into passivity on f2.} ) 53...Qh3 {The second time 
pressure was on. Black hits c3 and adds ...Qg3 to his repertoire of 
possibilities to help the pawns advance. White gets a chance to advance 
his e-pawn but this just results in an illustration of how harmless 
white's "passers" are.} 54.Qc2 f3 55.e6 Re7 56.Qf2 Qg3 57.Qc5 Qg5 58.Qf2 
Qf6 59.Kb1 Rxe6 60.Rd7+ ( 60.Rxe6 Qxe6 61.Qc5 Qe4+ $1 62.Ka1 ( 62.Kc1 Qf4+
63.Kb1 ( 63.Kc2 g1=Q 64.Rxg1 Qh2+ ) 63...Rg7 $1 64.Qf2 ( 64.Qh5+ Qh6 65.
Qf5+ Qg6 ) 64...Qg3 ) 62...g1=Q $1 63.Rxg1 Rxg1+ 64.Qxg1 Qe2 65.Qa7+ Kh6 
66.Qb6+ Kh5 67.Qc5+ Kh4 68.Qd4+ Kh3 69.Qd7+ Kh2 ) 60...Kg8 61.Red1 Qf5+ 
62.Ka1 Re8 63.Qh4 $2 ( 63.Rd8 $5 {still posed technical difficulties. It 
appears that the trade of a pair of rooks is white's best chance to 
engineer a perpetual.} 63...Qf8 ( 63...Rxd8 64.Rxd8+ Kg7 {If} ( 64...Kh7 
65.Qh4+ Rh6 66.Qe7+ Kg6 {it seems white can at least draw with} 67.Qd6+ ) 
65.Qa7+ $1 Qf7 ( 65...Kh6 $6 66.Rh8+ Kg5 67.Qe3+ Qf4 68.Qc5+ Kf6 69.Rf8+ 
Ke6 {is clearly not a sensible path.} ( 69...Kg7 70.Qe7+ ) ) 66.Qd4+ Qf6 
67.Qd7+ $10 ) 64.Rxe8 Qxe8 65.Qc5 Rg4 $5 {looks like the best way to kill 
white's counterchecks. Now I assume that white loses quickly if he must 
defend passively, and in the meantime black threatens ...Qf8, regaining 
control. The immense practical difficulties of defending white's position 
are perhaps best illustrated by the move in the game - the strain is just 
too much.} ) 63...Qxd7 $1 0-1

[Event "17th Reykjavik op"]
[Site "Reykjavik ISL"]
[Date "1996.03.05"]
[Round "4.2"]
[White "Tisdall, Jonathan"]
[Black "Gulko, Boris"]
[Result "1/2-1/2"]
[WhiteElo "2510"]
[BlackElo "2615"]
[EventDate "1996.03.02"]
[PlyCount "34"]

1.Nf3 c5 2.e4 Nc6 3.d4 cxd4 4.Nxd4 Nf6 5.Nc3 d6 6.Bc4 Qb6 7.Nb3 e6 8.O-O 
a6 9.Be3 Qc7 10.f4 b5 11.Bd3 Bb7 12.Qf3 Be7 13.Qh3 O-O 14.Rf3 Rfe8 15.Raf1
b4 16.Na4 Nd7 17.Rg3 Bf8 1/2-1/2

[Event "17th Reykjavik op"]
[Site "Reykjavik ISL"]
[Date "1996.03.05"]
[Round "4.3"]
[White "Stefansson, Hannes Hlifar"]
[Black "Petursson, Margeir"]
[Result "1-0"]
[WhiteElo "2540"]
[BlackElo "2585"]
[EventDate "1996.03.02"]
[PlyCount "63"]

{Hannes Stefansson was the most successful of the home "team" and fought 
solidly on the top boards throughout the event. This game launched him 
into a spot among the early leaders.} 
1.Nf3 {Ftacnik} 1...Nf6 2.c4 e6 3.Nc3 d5 4.d4 dxc4 5.e4 Bb4 6.Bg5 c5 7.
Bxc4 cxd4 8.Nxd4 Bxc3+ 9.bxc3 Qa5 10.Bb5+ Nbd7 11.Bxf6 Qxc3+ 12.Kf1 gxf6 
13.h4 a6 14.Rh3 {This seems the best way to gain a tempo for development. 
The reflex} ( 14.Rc1 {has also been played, but not only may this rook 
find useful employment on the b-file, the c1 square can be a useful 
launching pad for white's queen, en route to attractive dark squares a3, 
c7 or h6.} ) 14...Qa5 ( 14...Qb4 {has been tried recently, hoping to use 
the queen on d6.} ) 15.Be2 O-O $5 ( 15...Nc5 {and} ) ( 15...Ke7 {have been
seen more often, though black's results have not been encouraging. 
Petursson mentioned the game possibility in his notes to his game vs. 
Walter Browne in Informator 52. Though black's task in this variation 
seems rather thankless to me - he has problems on both sides of the board 
not to mention lagging in development and having a breezy king - Margeir 
delights in defensive labors and a bit of extra material. White's job is 
of course not simple - there are many tempting plans, and having choices 
often leads to trouble.} ) 16.Rc1 $5 {Petursson considered only} ( 16.Rg3+
{in the notes to his game vs. Browne. There he gave the lines} 16...Kh8 
17.Qc1 Rg8 ( 17...Qe5 18.Nf3 Qxe4 19.Qh6 Rg8 20.Rxg8+ ( 20.Ng5 $2 fxg5 21.
Bd3 Rg6 $1 $19 ) 20...Kxg8 21.Rd1 Qg6 22.Qe3 ) 18.Rxg8+ Kxg8 19.Qh6 {
concluding that white had full compensation in both cases. (Petursson, Inf
52).} ) ( 16.Nb3 {Ftacnik} 16...Qe5 17.Rc1 b6 18.Qd2 Nc5 19.Nxc5 bxc5 20.
Qh6 {1-0 Oll,L-Wolff,P/New York PCA-op (04)/1994/} ) 16...Ne5 {This looks 
sensible, guarding c6 and threatening to complete development.} ( 16...Nc5
{Ftacnik} 17.Nb3 Nxb3 18.Qxb3 $44 ) 17.Qb3 Qd2 {Not knowing much about 
this position, I would be tempted to try and get the guys out and start 
negotiating exchanges on the c-file.} ( 17...Bd7 $5 {looks natural when 
the b-pawn is tabu, and black does not seem to experience immediate danger
on the black squares after} 18.Qg3+ ( 18.Qe3 Kh8 ( 18...Rfc8 $5 ) ) ( 18.
Qxb7 $2 Rfb8 ) ( 18.Nf3 Rfc8 {looks like serious counterplay, as well as 
creating the option of king flight back to the center.} ) 18...Kh8 19.Qf4 
Qd8 {To be honest, I don't see too much in the way of concrete 
compensation for white here. However, Margeir has bigger plans, intending 
to post the bishop on b7 and create pressure on e4. Perhaps he too felt 
that the greatest danger was past.} ) ( 17...Rd8 {Ftacnik} 18.Qg3+ Kh8 19.
Qf4 Kg7 ( 19...Rxd4 20.Qxf6+ Kg8 21.Rg3+ Kf8 22.Rgc3 Rd8 23.Rc5 $16 ) 20.
Rg3+ Ng6 $13 ) 18.Rd1 Qf4 19.Nf3 $1 {Simple chess, killing one of black's 
only working employees. This might cost an extra pawn, but white's 
advantage in force begins to reach frightening proportions now.} 19...b5 (
19...Qxe4 $2 {seems to lose to} 20.Rd4 {is tempting but less convincing:} 
( 20.Nxe5 $1 Qxe5 ( 20...fxe5 21.Rg3+ Kh8 22.Qa3 {with the same ideas.} ) 
21.Rg3+ ( 21.Qb4 $44 {Ftacnik} ) 21...Kh8 22.Qb4 Re8 ( 22...Rg8 23.Rxg8+ 
Kxg8 24.Rd8+ Kg7 25.Qf8+ Kg6 26.h5+ Kf5 27.Bd3+ Kg5 28.Qg7+ Kh4 29.Be2 ) 
23.Qe7 $1 Qxg3 24.Qxe8+ Qg8 25.Qe7 ) 20...Qf5 $1 ( 20...Qc6 21.Nxe5 fxe5 
22.Rg3+ $1 Kh8 23.Qe3 $1 exd4 24.Qg5 {wins for white but} ) 21.Nxe5 fxe5 
22.Rg3+ Kh8 23.Qb4 Re8 {and things are not so clear since white must now 
be wary of accidents on the first rank.} 24.Bd3 Qh5 ( 24...Qf6 25.Rdg4 ) 
25.Rdg4 f5 26.Qe7 fxg4 27.Qf6+ Kg8 28.f3 e4 $1 ) 20.Nxe5 Qxe5 $2 ( 20...
fxe5 $5 {preventing white from getting his queen onto the dark squares 
looks tougher, even if his king cover becomes a bit thinner. I haven't 
found a refutation yet:} 21.Rg3+ Kh8 22.Qa3 Bb7 23.Qe7 {looks like the 
most dangerous try.} 23...Bxe4 24.Rg4 Qf5 25.Rxe4 ( 25.Rg5 Rfe8 26.Qb4 Qf4
27.Rg4 Qh2 {turns the tables.} ) 25...Qxe4 26.Qf6+ Kg8 27.Rd3 Rfc8 28.Qh6 
Kh8 29.Qf6+ {appears to force a draw by repetition.} ) 21.Qe3 $1 {Now 
black cannot avoid disaster on the black squares around his king.} 21...
Bb7 ( 21...Kh8 22.Qh6 Rg8 23.f4 Qb2 24.Rb3 ) 22.Qh6 Bxe4 {Black is obliged
to jettison a piece to weather the storm, but this is only temporary 
survival.} ( 22...Kh8 23.f4 Qb2 ( 23...Qxe4 {Ftacnik} 24.Rg3 $18 ) 24.Rb3 
( 24.Rb3 Qxb3 25.Qxf6+ $18 ) ) 23.Rg3+ Bg6 24.h5 Rad8 ( 24...f5 25.Rd7 ( 
25.hxg6 {Ftacnik} 25...fxg6 26.Re3 Qf6 27.Qf4 $16 ) 25...Rfd8 ( 25...Qg7 
26.Qd2 ) 26.hxg6 Rxd7 27.gxf7+ Kxf7 28.Qxh7+ ) 25.hxg6 Rxd1+ 26.Bxd1 fxg6 
27.Rd3 $1 {The neatest. Black is weakest in the center now, and by taking 
control of d1 white secures his king against potential annoyance. White is
well coordinated and black's pawns represent a good target.} 27...Qc7 ( 
27...b4 {Ftacnik} 28.Ba4 $16 ) 28.Bb3 Re8 ( 28...Qc6 {Ftacnik} 29.Qf4 $16 
) 29.Qd2 Qh2 30.Rh3 Qc7 31.Rc3 $1 Qb7 ( 31...Qh2 32.Bxe6+ Rxe6 ( 32...Kh8 
{Ftacnik} 33.Qd7 Qh1+ 34.Ke2 Qh5+ 35.Kd2 $18 ) 33.Qd8+ {and the Re6 falls.
} ( 33.Qd8+ Kf7 34.Rc7+ $18 ) ) 32.Qd6 {Harvest time.} ( 32.Qd6 {Ftacnik} 
32...Qe7 33.Qxa6 $18 ) 1-0